000 00485nam a2200169Ia 4500
999 _c27328
_d27328
003 OSt
005 20201203115302.0
008 190216s9999||||xx |||||||||||||| ||und||
040 _coclc
082 _a894.8123
_bBAL/K
100 _aBalakrishnan, C V
_96478
245 0 _aKamamohitham /
_cC V Balakrishnan
260 _bD C Books Kerala,
_c1996.
_aKottayam:
300 _a87p
650 _aMalayalam Novel
942 _cBK
_2ddc
_h894.8123
_iBAL/K
_k894.8123
_mBAL/K